Distritos do Império Português em 1961 em um Mapa - Statistics

Estatísticas Gerais
  • Esse quiz foi jogado 15 vezes
  • A pontuação média é 31 de 81
Respostas no mapa
Respostas codificadas por cores de uma escala verde-vermelha no mapa do quiz de acordo com a % correta abaixo.
 
Estatísticas das Respostas
R Resposta % Correto
Portugal Lisboa
100%
Guinea Bissau
90%
Angola Luanda
90%
Portugal Porto
90%
Portugal Braga
80%
Portugal Bragança
80%
Timor Díli
80%
Portugal Faro
80%
State of India Goa
80%
Madeira Madeira
80%
São Tomé and Príncipe São Tomé
80%
Portugal Aveiro
70%
Portugal Castelo Branco
70%
Portugal Coimbra
70%
Portugal Évora
70%
Macau Macau
70%
Portugal Portalegre
70%
São Tomé and Príncipe Príncipe
70%
Portugal Setúbal
70%
Portugal Viseu
70%
Azores Angra do Heroísmo
60%
Portugal Beja
60%
Angola Cabinda
60%
Portugal Guarda
60%
Portugal Leiria
60%
Portugal Viana do Castelo
60%
Portugal Vila Real
60%
State of India Diu
50%
Azores Ponta Delgada
50%
Portugal Santarém
50%
Angola Benguela
40%
Azores Horta
40%
Moçambique Lourenço Marques
40%
Angola Lunda
40%
Moçambique Tete
40%
Guinea Bafatá
30%
Guinea Cacheu
30%
Angola Cuanza Norte
30%
Angola Cuanza Sul
30%
Angola Huambo
30%
Macau Ilhas
30%
Angola Bié
20%
Guinea Bijagós
20%
Guinea Bissorã
20%
Guinea Bolama
20%
Moçambique Cabo Delgado
20%
Angola Cuando-Cubango
20%
State of India Damão
20%
Guinea Farim
20%
Guinea Gabu
20%
Moçambique Gaza
20%
Angola Huíla
20%
Moçambique Inhambane
20%
Angola Malanje
20%
Guinea Mansoa
20%
Moçambique Moçambique
20%
Angola Moçâmedes
20%
Angola Moxico
20%
Moçambique Niassa
20%
Timor Oecússi
20%
Angola Uíge
20%
Angola Zaire
20%
Moçambique Zambézia
20%
Timor Aileu
10%
Timor Ainaro
10%
Cape Verde Barlavento
10%
Timor Baucau
10%
Timor Bobonaro
10%
Guinea Catió
10%
Timor Cova Lima
10%
Angola Cunene
10%
Timor Ermera
10%
Timor Lautém
10%
Timor Liquiçá
10%
Timor Manatuto
10%
Moçambique Manica e Sofala
10%
Guinea São Domingos
10%
Cape Verde Sotavento
10%
Timor Viqueque
10%
Guinea Falacunda
0%
Timor Same
0%
Nenhum quiz correspondente encontrado
Distribuição das Pontuações
Porcentagem de Pessoas com Cada Pontuação
Percentil de Números Respondidos
Sua Pontuação Histórica
Você não jogou esse quiz